| 000 | 00658nam a22002413a 4500 | ||
|---|---|---|---|
| 005 | 20240910064141.0 | ||
| 008 | 011009s1999 mx fr 000 0 spa d | ||
| 020 | _a8470437763 | ||
| 035 | _aUPN01000112797 | ||
| 049 | _aCG | ||
| 050 | 4 |
_aP91 _bM6.3 1999 |
|
| 100 | 1 | _aMoreno Muguruza, Fernando | |
| 245 | 1 | 0 |
_aComunicarse para ser feliz / _cFernando Moreno Muguruza. |
| 250 | _a6a ed. | ||
| 260 |
_aMadrid, Esp. : _bCCS, _c1999. |
||
| 300 |
_a240 p. : _bil. |
||
| 440 | 0 | _aDynamis | |
| 650 | 4 |
_aComunicación _99285 |
|
| 650 | 4 |
_aAmor _94320 |
|
| 650 | 2 |
_aFelicidad _919377 |
|
| 650 | 4 |
_aCOMUNICACION - _xASPECTOS PSICOLOGICOS _99543 |
|
| 905 | _aLibro | ||
| 999 |
_c86705 _d86705 |
||